Sabor a kitsch [documento web] /
Guardado en:
| Autor Principal: | |
|---|---|
| Formato: | Libro |
| Publicado: |
:
,
1998
|
| Etiquetas: |
Agregar Etiqueta
Sin Etiquetas, Sea el primero en etiquetar este registro!
|
| LEADER | 00374nam a22001455a 4500 | ||
|---|---|---|---|
| 001 | CEM.cems010075 | ||
| 005 | 20060214000000.0 | ||
| 008 | 130507s1998##################000#0#####d | ||
| 003 | CEMS | ||
| 082 | 0 | 4 | |a F301 |
| 100 | 1 | |a Contardo Oscar | |
| 245 | 1 | 0 | |a Sabor a kitsch [documento web] / |
| 260 | |a : |b , |c 1998 | ||
| 300 | |a 3 p.1 | ||
| 859 | |a CEMS |b BIB. CEMS - 11 de abril |h F301 |i 24 |p 1631.44 |t Ej.1 | ||
